Non-Recognized Countries & Territories of the World - Statistics

General Stats
  • This quiz has been taken 1,259 times
  • The average score is 42 of 84
Answers on the Map
Answers color-coded by a green-red scale on the quiz's map according to % correct below.
 
Answer Stats
Country % Correct
Greenland
97%
French Guiana
90%
Western Sahara
90%
Somaliland
85%
Falkland Islands
78%
Faroe Islands
78%
Puerto Rico
78%
Kosovo
77%
Bermuda
76%
British Virgin Islands
72%
French Polynesia
72%
U.S. Virgin Islands
72%
Northern Cyprus
70%
Svalbard
70%
Christmas Island
69%
Guam
69%
Isle of Man
67%
Palestine
67%
Aruba
66%
Hong Kong
66%
New Caledonia
66%
Réunion
65%
American Samoa
63%
Curaçao
63%
Transnistria
63%
Abkhazia
62%
Cook Islands
62%
Cayman Islands
61%
Jersey
61%
South Ossetia
61%
Gibraltar
60%
Guadeloupe
60%
Macau
60%
Saint Martin
60%
Sint Maarten
60%
Taiwan
60%
Canary Islands
59%
Guernsey
59%
Martinique
59%
Turks and Caicos Islands
58%
Galápagos
57%
Saint Helena
57%
Niue
56%
Mayotte
54%
Northern Mariana Islands
53%
Cocos (Keeling) Islands
51%
Anguilla
50%
Azores
50%
Easter Island
50%
Pitcairn Islands
50%
Montserrat
49%
Norfolk Island
48%
Åland Islands
47%
Bonaire
46%
Saint Pierre and Miquelon
46%
Madeira
44%
Saint Barthélemy
43%
Tokelau
41%
Wallis and Futuna
41%
British Indian Ocean Territory
37%
Ceuta
32%
Kashmir
30%
Tristan da Cunha
30%
Melilla
28%
Saba
28%
Jan Mayen
25%
Sint Eustatius
25%
Bougainville
24%
Ascension Island
22%
South Georgia and the South Sandwich Islands
22%
Midway Atoll
21%
Johnston Atoll
19%
Cabinda
18%
Wake Island
18%
Baker Island
16%
Navassa Island
16%
Sark
16%
Jarvis Island
15%
Palmyra Atoll
15%
Howland Island
14%
Alderney
13%
Herm
13%
Kingman Reef
13%
Juan Fernández Islands
10%
No matching quizzes found
Score Distribution
Percent of People with Each Score
Percentile by Number Answered
Your Score History
You have not taken this quiz